LEADER 00953nam0-2200313---450- 001 990009820690403321 005 20140210085952.0 010 $a978-88-568-4657-7 035 $a000982069 035 $aFED01000982069 035 $a(Aleph)000982069FED01 035 $a000982069 100 $a20140210d2012----km-y0itay50------ba 101 0 $aita 102 $aIT 105 $ay-------001yy 200 1 $aAnomalie del comportamento organizzativo$eindividuare inefficienze e disfunzioni per crescere nella globalizzazione$fFrancesco Perrone 210 $aMilano$cFrancoAngeli$d2012 215 $a204 p.$d23 cm 225 1 $aManagement tools$v79 676 $a658.1$v22$zita 700 1$aPerrone,$bFrancesco$0126657 801 0$aIT$bUNINA$gREICAT$2UNIMARC 901 $aBK 912 $a990009820690403321 952 $aCollez. 2408 (79)$b50942$fFSPBC 959 $aFSPBC 996 $aAnomalie del comportamento organizzativo$9835764 997 $aUNINA